| 000 | 00577nam a2200205 a 4500 | ||
|---|---|---|---|
| 005 | 20210219160200.0 | ||
| 008 | 080923s1988 mx r 000 0 spa d | ||
| 035 | _aUPN01000160311 | ||
| 049 | _aUNE | ||
| 080 | _a376.2/.5 (931) =20 BRO. | ||
| 100 | 1 | _aBrown, D. F. | |
| 245 | 1 | 3 |
_aA Case study on special education in New Zealand / _cD.F. Brown. |
| 260 |
_aParis : _bUNESCO, _c1988. |
||
| 300 | _a29 p. | ||
| 440 | 0 | _aED-88/WS/18 | |
| 690 | _aEducacion especial- Nueva Zelandia | ||
| 690 | _aNueva Zelandia- Educacion especial | ||
| 710 | 2 | _aUNESCO | |
| 905 | _aUNESCO | ||
| 999 |
_c132425 _d132425 |
||